| 000 | 00695nam a2200205 a 4500 | ||
|---|---|---|---|
| 005 | 20210223130608.0 | ||
| 008 | 080821s1981 mx r 000 0 spa d | ||
| 035 | _aUPN01000159382 | ||
| 049 | _aUNE | ||
| 080 | _a371.1 (-77) =20 THO No.96. | ||
| 100 | 1 | _aThomas, R. Murray | |
| 245 | 1 | 0 |
_aEducational personnel inefficiency in developing nations : _bcauses and solutions / _cby R. Murray Thomas. |
| 260 |
_aParÃs : _bUNESCO ; _aNew York : _bUNICEF, _c1981. |
||
| 300 | _a21 p. | ||
| 440 | 0 |
_aNotes, comments... ; _v96 |
|
| 690 | _aCapacitacion del personal de educacion - Paises en desarrollo | ||
| 710 | 2 |
_aUNICEF _924085 |
|
| 710 | 2 | _aPrograma de Alimentación Mundial | |
| 905 | _aUNESCO | ||
| 999 |
_c131496 _d131496 |
||